Optimization of Heat and Mass Exchange (Record no. 22177)

MARC details
000 -LEADER
fixed length control field 01110nam a2200121Ia 4500
008 - FIXED-LENGTH DATA ELEMENTS--GENERAL INFORMATION
fixed length control field 220620s9999||||xx |||||||||||||| ||und||
100 ## - MAIN ENTRY--PERSONAL NAME
Personal name Agnew, Brian||Tam, Ivan CK||Shi, Xiaojun
245 #0 - TITLE STATEMENT
Title Optimization of Heat and Mass Exchange
546 ## - LANGUAGE NOTE
Language note English[eng]
650 ## - SUBJECT ADDED ENTRY--TOPICAL TERM
Topical term or geographic name entry element three-dimensional temperature field||n/a||forced convection||RNG k-? model||PIV measurements||water friction loss||flat plate||horizontal||optimization||casson fluid||finned tube||plate-fin heat sink||computational fluid dynamics (CFD)||plate heat exchanger||partial heating||thermo-diffusion||HEN synthesis||Keller-Box technique||visualization experiment||ice-cream||modelling||computational intelligence techniques||canned motor||boiling||heat transfer||operating condition||vertical||phase change||flow distribution characteristics||scraped surface heat exchanger||heat flux||numerical simulation||aspect ratio||orientation||axisymmetric flow||CACRS||natural convection||MINLP||multi-slip||ice storage||viscosity||axial piston pump||crystallization||multiphase flow
856 ## - ELECTRONIC LOCATION AND ACCESS
Uniform Resource Identifier <a href="https://mdpi.com/books/pdfview/book/2233">https://mdpi.com/books/pdfview/book/2233</a>
942 ## - ADDED ENTRY ELEMENTS (KOHA)
Koha item type E-Books
Holdings
Withdrawn status Lost status Damaged status Not for loan Home library Current library Date acquired Total Checkouts Date last seen Price effective from Koha item type
        Kerala University of Digital Sciences, Innovation and Technology Knowledge Centre Kerala University of Digital Sciences, Innovation and Technology Knowledge Centre 20/06/2022   20/06/2022 20/06/2022 E-Books